LIBRARY & INFORMATION CENTRE, KCAET, TAVANUR

ONLINE PUBLIC ACCESS CATALOGUE (OPAC)

Acoustics waves and oscillations / (Record no. 7253)

MARC details
000 -LEADER
fixed length control field 00545cam a2200217ua 4500
020 ## - INTERNATIONAL STANDARD BOOK NUMBER
ISBN 81 224 0266 6
041 ## - LANGUAGE CODE
Language code of text/sound track or separate title eng
082 ## - DEWEY DECIMAL CLASSIFICATION NUMBER
Classification number 534
Item number SEN/AC
100 ## - MAIN ENTRY--AUTHOR NAME
Personal name Sen, S N .
245 ## - TITLE STATEMENT
Title Acoustics waves and oscillations /
250 ## - EDITION STATEMENT
Edition statement 1 /
260 ## - PUBLICATION, DISTRIBUTION, ETC. (IMPRINT)
Place of publication New Delhi :
Name of publisher New Age International Ltd ,
Year of publication 1999.
300 ## - PHYSICAL DESCRIPTION
Number of Pages 234 ; .
500 ## - GENERAL NOTE
General note 20190, 20191 CSS
942 ## - ADDED ENTRY ELEMENTS (KOHA)
Koha item type Books
Holdings
Withdrawn status Lost status Damaged status Home library Current library Date acquired Full call number Accession Number Koha item type Shelving location
      KAUAET KAUAET 07/04/2012 534 SEN/AC 20191 Books  
      KAUAET KAUAET 07/04/2012 534 SEN/AC 20403 Books  
      KAUAET KAUAET 07/04/2012 534 SEN/AC 20190 Book Bank scheme for SC students Scheme
free website counter